Gas Tables : International Version: Thermodznamic Properties of Air Products of Combustion and Component Gases Compressible Flow Functions
Salvato in:
| Autori principali: | , , |
|---|---|
| Natura: | Libro |
| Lingua: | inglese |
| Pubblicazione: |
Malabar :
Krieger Publishing Company,
1992
|
| Edizione: | 2. vyd. 1983, reprint 1992 |
| Soggetti: | |
| Tags: |
Nessun Tag, puoi essere il primo ad aggiungerne!!
|
MARC
| LEADER | 00000nam a22000003a 4500 | ||
|---|---|---|---|
| 001 | stu157200 | ||
| 005 | 20150617230010.1 | ||
| 008 | 080205s1992----xxu-----------------eng-d | ||
| 020 | |a 0-89464-684-2 | ||
| 040 | |a STU |b slo | ||
| 041 | 0 | |a eng | |
| 044 | |a xxu | ||
| 080 | |a 621.43 | ||
| 100 | 1 | |a Keenan, Joseph H. |4 aut | |
| 245 | 1 | |a Gas Tables : |b International Version: Thermodznamic Properties of Air Products of Combustion and Component Gases Compressible Flow Functions | |
| 250 | |a 2. vyd. 1983, reprint 1992 | ||
| 260 | |a Malabar : |b Krieger Publishing Company, |c 1992 | ||
| 300 | |a 211 s | ||
| 500 | |a Originally published: New York: Wiley, 1983. | ||
| 650 | 7 | |a spaľovacie motory |2 stusub | |
| 700 | 1 | |a Chao, Jing |4 aut | |
| 700 | 1 | |a Kaye, Joseph |4 aut | |
| 996 | |b 284J032538 |c J*107938 |l JJK11 |s P |a 0 |w stu157200_0001 | ||